Coldest Countries - Statistics

General Stats
  • This quiz has been taken 18 times
  • The average score is 13 of 15
Answer Stats
Hint Answer % Correct
3 Canada
100%
5 Denmark
100%
8 Finland
100%
1 Russia
100%
12 Sweden
100%
6 Norway
94%
2 United States
94%
7 Iceland
88%
4 Kazakhstan
82%
10 Mongolia
82%
9 Estonia
76%
11 Belarus
71%
13 Latvia
71%
15 China
53%
14 Austria
41%
No matching quizzes found
Score Distribution
Percent of People with Each Score
Percentile by Number Answered
Your Score History
You have not taken this quiz